| 000 | 00549nam a2200193Ia 4500 | ||
|---|---|---|---|
| 005 | 20250508151639.0 | ||
| 008 | 008 250505s9999 xx 000 0 eng d | ||
| 037 | _aTextual | ||
| 040 |
_aFEDL _beng _cFEDL |
||
| 041 |
_aeng _2eng |
||
| 084 |
_a155.5, BAR _qFEDL |
||
| 100 |
_aBaruch Dorothy W. _9759498 |
||
| 245 | 0 | _aHow to live with your teen-ager | |
| 260 |
_aNew York, USA _bMcGraw Hill Book Company _c1953 |
||
| 300 | _axiii,261p. | ||
| 650 | _aChild Psychology | ||
| 942 |
_cTEXL _h155.5, BAR |
||
| 999 |
_c1331133 _d1331133 |
||